<?xml version="1.0" encoding="UTF-8"?>
<record
    xmlns:xsi="http://www.w3.org/2001/XMLSchema-instance"
    xsi:schemaLocation="http://www.loc.gov/MARC21/slim http://www.loc.gov/standards/marcxml/schema/MARC21slim.xsd"
    xmlns="http://www.loc.gov/MARC21/slim">

  <leader>01122nam a22002657a 4500</leader>
  <controlfield tag="005">20170123164159.0</controlfield>
  <datafield tag="010" ind1=" " ind2=" ">
    <subfield code="a">B-082591</subfield>
  </datafield>
  <datafield tag="020" ind1=" " ind2=" ">
    <subfield code="c">79.00</subfield>
  </datafield>
  <datafield tag="035" ind1=" " ind2=" ">
    <subfield code="a">B-082591</subfield>
  </datafield>
  <datafield tag="037" ind1=" " ind2=" ">
    <subfield code="b">Cen Lib/Ret</subfield>
  </datafield>
  <datafield tag="040" ind1=" " ind2=" ">
    <subfield code="a">DPL</subfield>
    <subfield code="b">PN</subfield>
  </datafield>
  <datafield tag="082" ind1=" " ind2=" ">
    <subfield code="a">230.03</subfield>
    <subfield code="b">&#xA21;&#xA4C;&#xA38;&#xA28;</subfield>
  </datafield>
  <datafield tag="100" ind1=" " ind2=" ">
    <subfield code="a">&#xA21;&#xA4C;&#xA38;&#xA28;, &#xA1C;&#xA4C;&#xA28; </subfield>
    <subfield code="9">132479</subfield>
  </datafield>
  <datafield tag="245" ind1=" " ind2=" ">
    <subfield code="a">&#xA39;&#xA3F;&#xA70;&#xA26;&#xA42; &#xA2E;&#xA3F;&#xA25;&#xA3F;&#xA39;&#xA3E;&#xA38; &#xA15;&#xA4B;&#xA38;&#xA3C; /</subfield>
    <subfield code="c">&#xA1C;&#xA4C;&#xA28; &#xA21;&#xA4C;&#xA38;&#xA28; ; &#xA05;&#xA28;&#xA41;&#xA35;&#xA3E;&#xA26;&#xA15; &#xA30;&#xA3E;&#xA1C;&#xA3F;&#xA70;&#xA26;&#xA30; &#xA38;&#xA3F;&#xA70;&#xA18; &#xA38;&#xA3C;&#xA3E;&#xA38;&#xA24;&#xA30;&#xA40; </subfield>
  </datafield>
  <datafield tag="246" ind1=" " ind2=" ">
    <subfield code="a">Hindu mithihas kosh : in Punjabi /</subfield>
    <subfield code="b">by John Dowsen ; translated by Rajinder Singh Shastri </subfield>
  </datafield>
  <datafield tag="260" ind1=" " ind2=" ">
    <subfield code="a">&#xA2A;&#xA70;&#xA1C;&#xA3E;&#xA2C; </subfield>
    <subfield code="b">&#xA2D;&#xA3E;&#xA38;&#xA3E; &#xA35;&#xA3F;&#xA2D;&#xA3E;&#xA17;, &#xA2A;&#xA70;&#xA1C;&#xA3E;&#xA2C; </subfield>
    <subfield code="c">1998</subfield>
  </datafield>
  <datafield tag="270" ind1=" " ind2=" ">
    <subfield code="b">&#xA2A;&#xA70;&#xA1C;&#xA3E;&#xA2C; </subfield>
    <subfield code="a">&#xA2D;&#xA3E;&#xA38;&#xA3E; &#xA35;&#xA3F;&#xA2D;&#xA3E;&#xA17;, &#xA2A;&#xA70;&#xA1C;&#xA3E;&#xA2C; </subfield>
  </datafield>
  <datafield tag="300" ind1=" " ind2=" ">
    <subfield code="a">575p</subfield>
    <subfield code="c">23cm(Hb)</subfield>
  </datafield>
  <datafield tag="650" ind1=" " ind2=" ">
    <subfield code="a">Riligious-Dictionary</subfield>
    <subfield code="9">132480</subfield>
  </datafield>
  <datafield tag="650" ind1=" " ind2=" ">
    <subfield code="a">&#xA27;&#xA3E;&#xA30;&#xA2E;&#xA3F;&#xA15;-&#xA15;&#xA4B;&#xA38;&#xA3C; </subfield>
    <subfield code="9">132481</subfield>
  </datafield>
  <datafield tag="650" ind1=" " ind2=" ">
    <subfield code="a">Hinduism-Dictionary</subfield>
    <subfield code="9">3121</subfield>
  </datafield>
  <datafield tag="650" ind1=" " ind2=" ">
    <subfield code="a">&#xA39;&#xA3F;&#xA70;&#xA26;&#xA42;-&#xA15;&#xA4B;&#xA38;&#xA3C;</subfield>
    <subfield code="9">132482</subfield>
  </datafield>
  <datafield tag="700" ind1=" " ind2=" ">
    <subfield code="a">&#xA30;&#xA3E;&#xA1C;&#xA3F;&#xA70;&#xA26;&#xA30; &#xA38;&#xA3F;&#xA70;&#xA18; &#xA38;&#xA3C;&#xA3E;&#xA38;&#xA24;&#xA30;&#xA40; </subfield>
    <subfield code="9">43519</subfield>
  </datafield>
  <datafield tag="942" ind1=" " ind2=" ">
    <subfield code="2">ddc</subfield>
    <subfield code="c">PN</subfield>
    <subfield code="h">230.03</subfield>
    <subfield code="m">&#xA21;&#xA4C;&#xA38;&#xA28;</subfield>
  </datafield>
  <datafield tag="999" ind1=" " ind2=" ">
    <subfield code="c">110961</subfield>
    <subfield code="d">110961</subfield>
  </datafield>
  <datafield tag="952" ind1=" " ind2=" ">
    <subfield code="0">0</subfield>
    <subfield code="1">0</subfield>
    <subfield code="4">0</subfield>
    <subfield code="7">0</subfield>
    <subfield code="a">L</subfield>
    <subfield code="b">L</subfield>
    <subfield code="d">2016-02-10</subfield>
    <subfield code="e">Cen Lib/Ret</subfield>
    <subfield code="g">79.00</subfield>
    <subfield code="l">0</subfield>
    <subfield code="o">230.03 &#xA21;&#xA4C;&#xA38;&#xA28;</subfield>
    <subfield code="p">B-082591</subfield>
    <subfield code="r">2016-02-10 00:00:00</subfield>
    <subfield code="t">1</subfield>
    <subfield code="v">79.00</subfield>
    <subfield code="w">2016-02-10</subfield>
    <subfield code="y">PN</subfield>
  </datafield>
</record>
